<?xml version="1.0" encoding="UTF-8"?>
<record
    xmlns:xsi="http://www.w3.org/2001/XMLSchema-instance"
    xsi:schemaLocation="http://www.loc.gov/MARC21/slim http://www.loc.gov/standards/marcxml/schema/MARC21slim.xsd"
    xmlns="http://www.loc.gov/MARC21/slim">

  <leader>03321cam a22003614a 4500</leader>
  <controlfield tag="001">16343770</controlfield>
  <controlfield tag="005">20170105102841.0</controlfield>
  <controlfield tag="008">100722s2011    enk      b    001 0 eng  </controlfield>
  <datafield tag="010" ind1=" " ind2=" ">
    <subfield code="a">  2010029803</subfield>
  </datafield>
  <datafield tag="020" ind1=" " ind2=" ">
    <subfield code="a">9780415599771 (cloth : alk. paper)</subfield>
  </datafield>
  <datafield tag="020" ind1=" " ind2=" ">
    <subfield code="a">0415599776 (cloth : alk. paper)</subfield>
  </datafield>
  <datafield tag="020" ind1=" " ind2=" ">
    <subfield code="a">9780203832752 (ebook)</subfield>
  </datafield>
  <datafield tag="020" ind1=" " ind2=" ">
    <subfield code="a">0203832752 (ebook)</subfield>
  </datafield>
  <datafield tag="040" ind1=" " ind2=" ">
    <subfield code="a">DLC</subfield>
    <subfield code="c">DLC</subfield>
    <subfield code="d">DLC</subfield>
  </datafield>
  <datafield tag="043" ind1=" " ind2=" ">
    <subfield code="a">ac-----</subfield>
    <subfield code="a">e-ur---</subfield>
  </datafield>
  <datafield tag="050" ind1="0" ind2="0">
    <subfield code="a">DK855.8</subfield>
    <subfield code="b">.H47 2011</subfield>
  </datafield>
  <datafield tag="082" ind1="0" ind2="0">
    <subfield code="a">958.0072/047</subfield>
    <subfield code="2">22</subfield>
  </datafield>
  <datafield tag="245" ind1="0" ind2="4">
    <subfield code="a">The heritage of Soviet Oriental studies /</subfield>
    <subfield code="c">edited by Michael Kemper and Stephan Conermann.</subfield>
  </datafield>
  <datafield tag="260" ind1=" " ind2=" ">
    <subfield code="a">Milton Park, Abingdon, Oxon ;</subfield>
    <subfield code="a">New York :</subfield>
    <subfield code="b">Routledge,</subfield>
    <subfield code="c">2011.</subfield>
  </datafield>
  <datafield tag="300" ind1=" " ind2=" ">
    <subfield code="a">xv, 336 p. ;</subfield>
    <subfield code="c">25 cm.</subfield>
  </datafield>
  <datafield tag="490" ind1="0" ind2=" ">
    <subfield code="a">Routledge contemporary Russia and Eastern Europe series ;</subfield>
    <subfield code="v">25</subfield>
  </datafield>
  <datafield tag="504" ind1=" " ind2=" ">
    <subfield code="a">Includes bibliographical references and index.</subfield>
  </datafield>
  <datafield tag="505" ind1="0" ind2=" ">
    <subfield code="a">Foreword : the heritage of Soviet Oriental studies / Stephan Conermann -- Introduction : integrating Soviet Oriental studies / Michael Kemper -- The imperial roots of Soviet Orientology / David Schimmelpenninck van der Oye -- Profiles under pressure : Orientalists in Petrograd/Leningrad, 1918-56 / Mikhail Rodionov -- Between the "language of humanity" and latinizatsiia : Nikolai Marr and the Oriental Department of the State Public Library in Leningrad / Aleksei Asvaturov -- The contribution of Oriental scholarship to the Soviet anti-Islamic discourse : from the Union of Militant Atheists to the Knowledge Society / Vladimir Bobrovnikov -- Soviet Kurdology and Kurdish Orientalism / Michiel Leezenberg -- Evgenii M. Primakov : Arabist and KGB middleman, director and statesman / Mikhail Roshchin -- The Leningrad/St. Petersburg School of Scientific Islamology / Stanislav M. Prozorov -- Hijacking Islam : the search for a new Soviet interpretation of political Islam in 1980 / Hanna E. Jansen and Michael Kemper -- Scholars, advisers and state-builders : Soviet Afghan studies in the light of present-day Afghan development / Anna R. Paterson -- The struggle for the reestablishment of Oriental studies in twentieth-century Kazan / Mirkasym A. Usmanov -- Arabic historical studies in twentieth-century Daghestan / Amri R. Shikhsaidov -- The politics of scholarship and the scholarship of politics : imperial, Soviet, and post-Soviet scholars studying Tajikistan / Lisa Yountchi -- Conceiving a people's history : the 1920-1936 discourse on the Kazakh past / Zifa-Alua Auezova -- Ahmad Yasavi and the Divan i hikmat in Soviet scholarship / Devin DeWeese -- Kyrgyz "Muslim-Central Asian" : recent approaches to the study of Kyrgyz culture in Kyrgyzstan / Till Mostowlansky -- The transformation of Azerbaijani Orientalists into Islamic thinkers after 1991 / Altay Goyushov, Naomi Caffee and Robert Denis.</subfield>
  </datafield>
  <datafield tag="651" ind1=" " ind2="0">
    <subfield code="a">Asia, Central</subfield>
    <subfield code="x">Study and teaching (Higher)</subfield>
    <subfield code="z">Soviet Union</subfield>
    <subfield code="x">History.</subfield>
  </datafield>
  <datafield tag="651" ind1=" " ind2="0">
    <subfield code="a">Asia, Central</subfield>
    <subfield code="x">Study and teaching (Higher)</subfield>
    <subfield code="z">Russia</subfield>
    <subfield code="x">History.</subfield>
  </datafield>
  <datafield tag="651" ind1=" " ind2="0">
    <subfield code="a">Asia, Central</subfield>
    <subfield code="x">Historiography</subfield>
    <subfield code="z">Soviet Union</subfield>
    <subfield code="x">History.</subfield>
  </datafield>
  <datafield tag="651" ind1=" " ind2="0">
    <subfield code="a">Asia, Central</subfield>
    <subfield code="x">Historiography</subfield>
    <subfield code="z">Russia</subfield>
    <subfield code="x">History.</subfield>
  </datafield>
  <datafield tag="700" ind1="1" ind2=" ">
    <subfield code="a">Kemper, Michael.</subfield>
  </datafield>
  <datafield tag="700" ind1="1" ind2=" ">
    <subfield code="a">Conermann, Stephan.</subfield>
  </datafield>
  <datafield tag="906" ind1=" " ind2=" ">
    <subfield code="a">7</subfield>
    <subfield code="b">cbc</subfield>
    <subfield code="c">orignew</subfield>
    <subfield code="d">1</subfield>
    <subfield code="e">ecip</subfield>
    <subfield code="f">20</subfield>
    <subfield code="g">y-gencatlg</subfield>
  </datafield>
  <datafield tag="942" ind1=" " ind2=" ">
    <subfield code="2">ddc</subfield>
    <subfield code="c">BK</subfield>
  </datafield>
  <datafield tag="999" ind1=" " ind2=" ">
    <subfield code="c">13875</subfield>
    <subfield code="d">13875</subfield>
  </datafield>
  <datafield tag="952" ind1=" " ind2=" ">
    <subfield code="0">0</subfield>
    <subfield code="1">0</subfield>
    <subfield code="4">0</subfield>
    <subfield code="7">0</subfield>
    <subfield code="8">NFIC</subfield>
    <subfield code="a">CIPS</subfield>
    <subfield code="b">CIPS</subfield>
    <subfield code="c">GEN</subfield>
    <subfield code="d">2013-08-01</subfield>
    <subfield code="l">0</subfield>
    <subfield code="o">958.0072047 HER 2011</subfield>
    <subfield code="p">CIPS0000156</subfield>
    <subfield code="r">2013-08-02</subfield>
    <subfield code="w">2017-01-05</subfield>
    <subfield code="y">BK</subfield>
  </datafield>
</record>
